000 00453nam a22001817a 4500
003 NUST - PNEC
005 20170116181132.0
008 151006b xxu||||| |||| 00| 0 eng d
020 _a8120325125
040 _cLIBRARY
082 _a660.2969 KYL
100 _914019
_aKyle, B. G.
245 _aChemical and process thermodynamics
_cB. G. Kyle
250 _a3rd ed.
260 _cc.1999
650 _914021
_aThermodynamics
_xME
942 _2ddc
_cBK
999 _c70009
_d70009